[Event "Kadettlandskamp NOR-SWE A 2018"]
[Site "NTG, Bærum, Norway"]
[Date "2018.12.15"]
[Round "8.4"]
[White "Lund, Gunnar"]
[Black "Jönsson, Jacob"]
[Result "0-1"]
[WhiteFideId "1520814"]
[BlackFideId "1726315"]
[WhiteElo "2006"]
[BlackElo "1724"]

1. d4 {[%clk 00:15:19]} {[%emt 00:08:29]} Nf6 {[%clk 00:15:19]} 2. Bf4 {[%clk
00:15:28]} {[%emt 00:00:01]} d5 {[%clk 00:15:28]} {[%emt 00:00:02]} 3. e3
{[%clk 00:15:36]} {[%emt 00:00:02]} c5 {[%clk 00:15:36]} {[%emt 00:00:01]} 4.
c3 {[%clk 00:15:45]} Nc6 {[%clk 00:15:45]} {[%emt 00:00:01]} 5. Nd2 {[%clk
00:15:53]} Bf5 {[%clk 00:15:53]} {[%emt 00:00:02]} 6. Qb3 {[%clk 00:15:56]}
{[%emt 00:00:07]} Qc8 {[%clk 00:16:00]} {[%emt 00:00:03]} 7. Ngf3 {[%clk
00:15:53]} {[%emt 00:00:13]} h6 {[%clk 00:16:08]} {[%emt 00:00:03]} 8. Bb5
{[%clk 00:15:32]} {[%emt 00:00:31]} e6 {[%clk 00:15:09]} {[%emt 00:01:08]} 9.
Ne5 {[%clk 00:15:36]} {[%emt 00:00:06]} Nd7 {[%clk 00:15:15]} {[%emt 00:00:05]}
10. Ndf3 {[%clk 00:15:33]} {[%emt 00:00:12]} f6 {[%clk 00:12:38]} {[%emt
00:02:46]} 11. Nxd7 {[%clk 00:15:27]} {[%emt 00:00:17]} Qxd7 {[%clk 00:12:46]}
{[%emt 00:00:02]} 12. c4 {[%clk 00:15:25]} {[%emt 00:00:12]} dxc4 {[%clk
00:11:50]} {[%emt 00:01:06]} 13. Qxc4 {[%clk 00:15:26]} {[%emt 00:00:09]} a6
{[%clk 00:11:49]} {[%emt 00:00:10]} 14. Bxc6 {[%clk 00:15:32]} {[%emt
00:00:04]} Qxc6 {[%clk 00:11:57]} {[%emt 00:00:02]} 15. O-O {[%clk 00:15:31]}
{[%emt 00:00:10]} Be4 {[%clk 00:08:20]} {[%emt 00:03:48]} 16. dxc5 {[%clk
00:15:24]} {[%emt 00:00:18]} Bxc5 {[%clk 00:05:39]} {[%emt 00:02:50]} 17. Rac1
{[%clk 00:15:27]} {[%emt 00:00:07]} Rc8 {[%clk 00:05:44]} {[%emt 00:00:05]} 18.
b4 {[%clk 00:14:29]} {[%emt 00:01:08]} Be7 {[%clk 00:04:05]} {[%emt 00:01:49]}
19. Qxe4 {[%clk 00:13:15]} {[%emt 00:01:25]} Qxc1 {[%clk 00:04:09]} {[%emt
00:00:06]} 20. Nd4 {[%clk 00:11:39]} {[%emt 00:01:46]} Qc4 {[%clk 00:03:55]}
{[%emt 00:00:24]} 21. Qxb7 {[%clk 00:10:51]} {[%emt 00:00:58]} Kf7 {[%clk
00:02:19]} {[%emt 00:01:46]} 22. Bd6 {[%clk 00:10:36]} {[%emt 00:00:24]} Rhe8
{[%clk 00:02:23]} {[%emt 00:00:06]} 23. a4 {[%clk 00:10:09]} {[%emt 00:00:38]}
Kf8 {[%clk 00:02:20]} {[%emt 00:00:13]} 24. Qd7 {[%clk 00:09:28]} {[%emt
00:00:50]} Kf7 {[%clk 00:01:44]} {[%emt 00:00:46]} 25. Qb7 {[%clk 00:08:51]}
{[%emt 00:00:47]} Rcd8 {[%clk 00:01:31]} {[%emt 00:00:23]} 26. Bc5 {[%clk
00:08:46]} {[%emt 00:00:15]} Qd5 {[%clk 00:01:27]} {[%emt 00:00:15]} 27. Qxa6
{[%clk 00:07:33]} {[%emt 00:01:22]} Bxc5 {[%clk 00:01:34]} {[%emt 00:00:02]} 28.
bxc5 {[%clk 00:07:41]} {[%emt 00:00:03]} Qxc5 {[%clk 00:01:42]} {[%emt
00:00:02]} 29. g3 {[%clk 00:07:43]} {[%emt 00:00:08]} Ra8 {[%clk 00:01:02]}
{[%emt 00:00:50]} 30. Qb7+ {[%clk 00:07:38]} {[%emt 00:00:14]} Qe7 {[%clk
00:01:10]} {[%emt 00:00:02]} 31. Qb5 {[%clk 00:07:29]} {[%emt 00:00:20]} Reb8
{[%clk 00:01:00]} {[%emt 00:00:20]} 32. Qc6 {[%clk 00:07:37]} {[%emt 00:00:01]}
Rc8 {[%clk 00:01:07]} {[%emt 00:00:03]} 33. Qb5 {[%clk 00:07:45]} {[%emt
00:00:02]} Qe8 {[%clk 00:01:10]} {[%emt 00:00:07]} 34. Qb7+ {[%clk 00:07:52]}
{[%emt 00:00:03]} Kg8 {[%clk 00:01:08]} {[%emt 00:00:12]} 35. Ra1 {[%clk
00:07:53]} {[%emt 00:00:09]} Qf7 {[%clk 00:01:03]} {[%emt 00:00:16]} 36. Qe4
{[%clk 00:07:43]} {[%emt 00:00:18]} Ra6 {[%clk 00:00:55]} {[%emt 00:00:19]} 37.
h4 {[%clk 00:07:31]} {[%emt 00:00:23]} Rca8 {[%clk 00:00:52]} {[%emt 00:00:12]}
38. Nb5 {[%clk 00:07:14]} {[%emt 00:00:27]} Rb8 {[%clk 00:00:28]} {[%emt
00:00:34]} 39. Rc1 {[%clk 00:07:12]} {[%emt 00:00:12]} Qb7 {[%clk 00:00:30]}
{[%emt 00:00:08]} 40. Qb4 {[%clk 00:07:01]} {[%emt 00:00:22]} Rc8 {[%clk
00:00:28]} {[%emt 00:00:11]} 41. Rd1 {[%clk 00:07:05]} {[%emt 00:00:06]} Rac6
{[%clk 00:00:31]} {[%emt 00:00:08]} 42. Qe4 {[%clk 00:06:58]} {[%emt 00:00:17]}
Qe7 {[%clk 00:00:28]} {[%emt 00:00:13]} 43. Kg2 {[%clk 00:06:50]} {[%emt
00:00:17]} Rc1 {[%clk 00:00:24]} {[%emt 00:00:13]} 44. Rd6 {[%clk 00:06:54]}
{[%emt 00:00:06]} e5 {[%clk 00:00:28]} {[%emt 00:00:06]} 45. Qd5+ {[%clk
00:06:47]} {[%emt 00:00:17]} Kh8 {[%clk 00:00:35]} {[%emt 00:00:03]} 46. Rd7
{[%clk 00:06:49]} {[%emt 00:00:07]} Qc5 {[%clk 00:00:33]} {[%emt 00:00:13]} 47.
Rd8+ {[%clk 00:06:06]} {[%emt 00:00:53]} Rxd8 {[%clk 00:00:36]} {[%emt
00:00:08]} 48. Qxd8+ {[%clk 00:06:14]} {[%emt 00:00:02]} Kh7 {[%clk 00:00:45]}
{[%emt 00:00:02]} 49. Qd3+ {[%clk 00:06:23]} Kg8 {[%clk 00:00:48]} {[%emt
00:00:07]} 50. Qd8+ {[%clk 00:06:30]} {[%emt 00:00:03]} Qf8 {[%clk 00:00:56]}
{[%emt 00:00:01]} 51. Qd5+ {[%clk 00:06:39]} {[%emt 00:00:02]} Kh8 {[%clk
00:01:05]} {[%emt 00:00:01]} 52. Nd6 {[%clk 00:06:45]} {[%emt 00:00:04]} Rc7
{[%clk 00:01:07]} {[%emt 00:00:08]} 53. Nb5 {[%clk 00:06:45]} {[%emt 00:00:09]}
Rc5 {[%clk 00:01:04]} {[%emt 00:00:13]} 54. Qd3 {[%clk 00:06:22]} {[%emt
00:00:33]} Qa8+ {[%clk 00:01:07]} {[%emt 00:00:07]} 55. e4 {[%clk 00:06:09]}
{[%emt 00:00:23]} Qxa4 {[%clk 00:01:09]} {[%emt 00:00:08]} 56. Qd8+ {[%clk
00:06:07]} {[%emt 00:00:12]} Kh7 {[%clk 00:01:17]} {[%emt 00:00:02]} 57. Nd6
{[%clk 00:06:16]} {[%emt 00:00:01]} Rc1 {[%clk 00:00:38]} {[%emt 00:00:49]} 58.
Ne8 {[%clk 00:05:50]} {[%emt 00:00:36]} Qxe4+ {[%clk 00:00:45]} {[%emt
00:00:03]} 59. f3 {[%clk 00:05:56]} {[%emt 00:00:04]} Qc2+ {[%clk 00:00:48]}
{[%emt 00:00:07]} 60. Kh3 {[%clk 00:06:05]} {[%emt 00:00:02]} Rh1+ {[%clk
00:00:57]} 61. Kg4 {[%clk 00:06:14]} Qg6# {[%clk 00:01:06]} {[%emt 00:00:02]}
0-1

[Event "Kadettlandskamp NOR-SWE A 2018"]
[Site "NTG, Bærum, Norway"]
[Date "2018.12.15"]
[Round "8.5"]
[White "Trost, Edvin"]
[Black "Nordquelle, Daniel"]
[Result "0-1"]
[BlackTitle "FM"]
[WhiteFideId "1729519"]
[BlackFideId "1519042"]
[WhiteElo "1856"]
[BlackElo "2020"]

1. e4 {[%clk 00:15:19]} c5 {[%clk 00:15:15]} {[%emt 00:00:06]} 2. Nf3 {[%emt
00:00:02]} d6 3. d4 {[%clk 00:15:37]} cxd4 {[%clk 00:15:34]} 4. Nxd4 {[%clk
00:15:46]} Nf6 {[%clk 00:15:43]} 5. Nc3 {[%clk 00:15:55]} {[%emt 00:00:01]} a6
{[%clk 00:15:52]} 6. Bg5 {[%clk 00:16:04]} {[%emt 00:00:01]} Nbd7 {[%clk
00:15:56]} {[%emt 00:00:06]} 7. Bc4 {[%clk 00:16:06]} {[%emt 00:00:08]} Qc7
{[%clk 00:15:26]} {[%emt 00:00:40]} 8. Bb3 {[%clk 00:16:13]} {[%emt 00:00:02]}
h6 {[%clk 00:15:32]} {[%emt 00:00:04]} 9. Be3 {[%clk 00:16:18]} {[%emt
00:00:05]} g6 {[%clk 00:15:39]} {[%emt 00:00:03]} 10. f3 {[%clk 00:16:16]}
{[%emt 00:00:13]} Bg7 {[%emt 00:00:02]} 11. Qd2 Ne5 {[%clk 00:15:21]} {[%emt
00:00:36]} 12. O-O-O {[%clk 00:16:15]} {[%emt 00:00:19]} b5 {[%clk 00:15:21]}
{[%emt 00:00:11]} 13. Kb1 {[%clk 00:16:20]} {[%emt 00:00:05]} Nc4 {[%clk
00:15:10]} {[%emt 00:00:20]} 14. Bxc4 {[%clk 00:16:17]} {[%emt 00:00:13]} bxc4
{[%clk 00:15:05]} {[%emt 00:00:16]} 15. Nd5 {[%clk 00:16:06]} {[%emt 00:00:20]}
Qb7 {[%clk 00:14:22]} {[%emt 00:00:54]} 16. Nxf6+ {[%clk 00:15:39]} {[%emt
00:00:37]} Bxf6 {[%clk 00:14:29]} {[%emt 00:00:03]} 17. c3 {[%clk 00:15:42]}
{[%emt 00:00:07]} Rb8 {[%clk 00:14:35]} {[%emt 00:00:04]} 18. Ka1 {[%clk
00:15:47]} {[%emt 00:00:05]} h5 {[%clk 00:14:11]} {[%emt 00:00:34]} 19. h3
{[%clk 00:15:42]} {[%emt 00:00:15]} h4 {[%clk 00:12:39]} {[%emt 00:01:41]} 20.
Qc2 {[%clk 00:15:32]} {[%emt 00:00:20]} Rh5 {[%clk 00:12:43]} {[%emt 00:00:06]}
21. Qa4+ {[%clk 00:14:38]} {[%emt 00:01:05]} Bd7 {[%clk 00:12:50]} {[%emt
00:00:03]} 22. Qa3 {[%clk 00:14:48]} Qc7 {[%clk 00:12:35]} {[%emt 00:00:25]} 23.
b4 {[%clk 00:11:22]} {[%emt 00:03:34]} cxb3 {[%clk 00:12:16]} {[%emt 00:00:30]}
24. Qb2 {[%clk 00:11:25]} {[%emt 00:00:06]} bxa2 {[%clk 00:11:04]} {[%emt
00:01:23]} 25. Qc1 {[%clk 00:11:17]} {[%emt 00:00:18]} Rb1+ {[%clk 00:11:01]}
{[%emt 00:00:11]} 26. Kxa2 {[%clk 00:11:08]} {[%emt 00:00:20]} Rxc1 {[%clk
00:10:58]} {[%emt 00:00:14]} 27. Bxc1 {[%clk 00:11:17]} {[%emt 00:00:01]} Qxc3
{[%clk 00:10:59]} {[%emt 00:00:09]} 28. Bb2 {[%clk 00:11:25]} Ra5+ {[%clk
00:10:57]} {[%emt 00:00:12]} 29. Kb1 {[%clk 00:11:34]} {[%emt 00:00:02]} Rb5
{[%clk 00:11:00]} {[%emt 00:00:07]} 30. Rd2 {[%clk 00:11:28]} {[%emt 00:00:16]}
Qxd2 {[%clk 00:11:04]} {[%emt 00:00:05]} 31. Nc2 {[%clk 00:11:33]} {[%emt
00:00:05]} Rxb2+ {[%clk 00:11:11]} {[%emt 00:00:04]} 32. Ka1 {[%clk 00:11:42]}
Qa5+ {[%clk 00:11:18]} {[%emt 00:00:03]} 33. Na3 {[%clk 00:11:49]} {[%emt
00:00:02]} Qxa3# {[%clk 00:11:27]} {[%emt 00:00:02]} 0-1

[Event "Kadettlandskamp NOR-SWE A 2018"]
[Site "NTG, Bærum, Norway"]
[Date "2018.12.15"]
[Round "8.6"]
[White "Wernberg, Hugo"]
[Black "Tryggestad, Andreas"]
[Result "0-1"]
[BlackTitle "FM"]
[WhiteFideId "1737511"]
[BlackFideId "1513338"]
[WhiteElo "1796"]
[BlackElo "2189"]

1. e4 {[%clk 00:15:17]} {[%emt 00:00:03]} c5 {[%clk 00:15:19]} {[%emt
00:00:01]} 2. Nf3 {[%clk 00:15:26]} {[%emt 00:00:01]} e6 {[%clk 00:15:27]}
{[%emt 00:00:02]} 3. d4 {[%clk 00:15:35]} {[%emt 00:00:02]} cxd4 {[%clk
00:15:35]} 4. Nxd4 {[%clk 00:15:44]} {[%emt 00:00:01]} Qc7 {[%clk 00:15:43]}
{[%emt 00:00:02]} 5. c4 {[%clk 00:15:52]} {[%emt 00:00:03]} Nf6 {[%clk
00:15:50]} {[%emt 00:00:03]} 6. Nc3 {[%clk 00:16:00]} {[%emt 00:00:01]} Bb4
{[%clk 00:15:58]} {[%emt 00:00:01]} 7. Qd3 {[%clk 00:16:04]} {[%emt 00:00:06]}
Nc6 {[%clk 00:16:04]} {[%emt 00:00:04]} 8. f4 {[%clk 00:16:07]} {[%emt
00:00:07]} a6 {[%clk 00:14:51]} {[%emt 00:01:22]} 9. Be2 {[%clk 00:15:39]}
{[%emt 00:00:39]} d6 {[%clk 00:14:42]} {[%emt 00:00:18]} 10. Be3 {[%clk
00:15:30]} {[%emt 00:00:20]} Bd7 {[%clk 00:14:25]} {[%emt 00:00:27]} 11. O-O
{[%clk 00:15:32]} {[%emt 00:00:08]} Bxc3 {[%clk 00:14:30]} {[%emt 00:00:05]} 12.
bxc3 {[%clk 00:15:27]} {[%emt 00:00:15]} Rc8 {[%clk 00:14:39]} {[%emt
00:00:02]} 13. Nb3 {[%clk 00:13:38]} {[%emt 00:01:59]} O-O {[%clk 00:13:03]}
{[%emt 00:01:47]} 14. Bf3 {[%clk 00:13:27]} {[%emt 00:00:21]} Nb8 {[%clk
00:12:29]} {[%emt 00:00:43]} 15. c5 {[%clk 00:13:12]} {[%emt 00:00:24]} dxc5
{[%clk 00:12:26]} {[%emt 00:00:14]} 16. Nxc5 {[%clk 00:12:48]} {[%emt
00:00:34]} Rfd8 {[%clk 00:12:28]} {[%emt 00:00:07]} 17. Nxd7 {[%clk 00:12:13]}
{[%emt 00:00:46]} Nbxd7 {[%clk 00:12:28]} {[%emt 00:00:10]} 18. Bd4 {[%clk
00:12:12]} {[%emt 00:00:12]} e5 {[%clk 00:12:27]} {[%emt 00:00:10]} 19. fxe5
{[%clk 00:12:10]} {[%emt 00:00:13]} Nxe5 {[%clk 00:12:36]} {[%emt 00:00:02]} 20.
Qe2 {[%clk 00:11:46]} {[%emt 00:00:32]} Re8 {[%clk 00:11:39]} {[%emt 00:01:07]}
21. Rab1 {[%clk 00:10:56]} {[%emt 00:01:00]} b5 {[%clk 00:11:43]} {[%emt
00:00:06]} 22. a4 {[%clk 00:10:36]} {[%emt 00:00:30]} bxa4 {[%clk 00:11:32]}
{[%emt 00:00:22]} 23. Qxa6 {[%clk 00:10:39]} {[%emt 00:00:07]} Nxf3+ {[%clk
00:07:57]} {[%emt 00:03:45]} 24. gxf3 {[%clk 00:10:41]} {[%emt 00:00:08]} Ra8
{[%clk 00:05:11]} {[%emt 00:02:55]} 25. Qe2 {[%clk 00:09:58]} {[%emt 00:00:53]}
Nh5 {[%clk 00:04:58]} {[%emt 00:00:22]} 26. Qg2 {[%clk 00:09:41]} {[%emt
00:00:28]} f6 {[%clk 00:04:49]} {[%emt 00:00:19]} 27. Kh1 {[%clk 00:08:58]}
{[%emt 00:00:54]} Qf7 {[%clk 00:03:34]} {[%emt 00:01:23]} 28. Ra1 {[%clk
00:08:47]} {[%emt 00:00:23]} Nf4 {[%clk 00:03:38]} {[%emt 00:00:05]} 29. Qa2
{[%clk 00:08:36]} {[%emt 00:00:21]} Ne6 {[%clk 00:03:42]} {[%emt 00:00:06]} 30.
Qc2 {[%clk 00:07:32]} {[%emt 00:01:15]} Qd7 {[%clk 00:03:43]} {[%emt 00:00:09]}
31. Rfd1 {[%clk 00:07:27]} {[%emt 00:00:14]} Qc6 {[%clk 00:03:45]} {[%emt
00:00:08]} 32. Ra2 {[%clk 00:06:31]} {[%emt 00:01:07]} Red8 {[%clk 00:03:22]}
{[%emt 00:00:32]} 33. Qb2 {[%clk 00:06:13]} {[%emt 00:00:29]} Ng5 {[%clk
00:02:54]} {[%emt 00:00:38]} 34. Qg2 {[%clk 00:05:38]} {[%emt 00:00:45]} Kf7
{[%clk 00:02:43]} {[%emt 00:00:21]} 35. Rda1 {[%clk 00:05:04]} {[%emt
00:00:43]} Qc4 {[%clk 00:02:43]} {[%emt 00:00:11]} 36. Qf1 {[%clk 00:04:51]}
{[%emt 00:00:22]} Qc6 {[%clk 00:02:18]} {[%emt 00:00:35]} 37. Qd1 {[%clk
00:04:35]} {[%emt 00:00:26]} Rd7 {[%clk 00:01:56]} {[%emt 00:00:33]} 38. Rxa4
{[%clk 00:04:26]} {[%emt 00:00:19]} Rxa4 {[%clk 00:02:04]} {[%emt 00:00:02]} 39.
Rxa4 {[%clk 00:04:34]} {[%emt 00:00:01]} Nxf3 {[%clk 00:02:08]} {[%emt
00:00:06]} 40. Qb3+ {[%clk 00:03:47]} {[%emt 00:00:57]} Kg6 {[%clk 00:01:30]}
{[%emt 00:00:48]} 41. Bf2 {[%clk 00:03:38]} {[%emt 00:00:18]} Rd2 {[%clk
00:00:53]} {[%emt 00:00:48]} 42. Kg2 {[%clk 00:00:35]} {[%emt 00:03:14]} Qc5
{[%clk 00:01:02]} 43. Kxf3 {[%clk 00:00:12]} {[%emt 00:00:33]} Qxf2+ {[%clk
00:01:11]} {[%emt 00:00:01]} 44. Kg4 {[%clk 00:00:21]} h5+ {[%clk 00:01:18]}
{[%emt 00:00:03]} 45. Kh3 {[%clk 00:00:26]} {[%emt 00:00:05]} Qxh2# {[%clk
00:01:26]} {[%emt 00:00:02]} 0-1

[Event "Kadettlandskamp NOR-SWE A 2018"]
[Site "NTG, Bærum, Norway"]
[Date "2018.12.16"]
[Round "9.1"]
[White "Carlsson, Ludvig"]
[Black "Tryggestad, Andreas"]
[Result "1-0"]
[WhiteTitle "CM"]
[BlackTitle "FM"]
[WhiteFideId "1727010"]
[BlackFideId "1513338"]
[WhiteElo "1978"]
[BlackElo "2189"]

1. Nf3 {[%clk 00:15:18]} Nf6 {[%clk 00:10:46]} {[%emt 00:04:35]} 2. c4 {[%clk
00:15:25]} {[%emt 00:00:03]} c6 {[%clk 00:10:51]} {[%emt 00:00:05]} 3. d4
{[%clk 00:15:28]} {[%emt 00:00:06]} d5 {[%clk 00:11:00]} 4. cxd5 {[%clk
00:15:35]} {[%emt 00:00:05]} cxd5 {[%clk 00:11:09]} 5. Nc3 {[%clk 00:15:42]}
{[%emt 00:00:02]} g6 {[%clk 00:11:15]} {[%emt 00:00:05]} 6. Bf4 {[%clk
00:15:46]} {[%emt 00:00:06]} Bg7 {[%clk 00:10:57]} {[%emt 00:00:28]} 7. h3
{[%clk 00:15:46]} {[%emt 00:00:10]} O-O {[%clk 00:11:00]} {[%emt 00:00:07]} 8.
e3 {[%clk 00:15:53]} {[%emt 00:00:02]} Nc6 {[%clk 00:10:59]} {[%emt 00:00:12]}
9. Be2 {[%clk 00:15:16]} {[%emt 00:00:47]} Qb6 {[%clk 00:10:25]} {[%emt
00:00:45]} 10. a3 {[%clk 00:15:11]} {[%emt 00:00:15]} Bf5 {[%clk 00:10:08]}
{[%emt 00:00:27]} 11. b4 {[%clk 00:15:11]} {[%emt 00:00:09]} Rac8 {[%clk
00:09:28]} {[%emt 00:00:50]} 12. Na4 {[%clk 00:15:08]} {[%emt 00:00:13]} Qd8
{[%clk 00:09:28]} {[%emt 00:00:10]} 13. O-O {[%clk 00:15:07]} {[%emt 00:00:11]}
Ne4 {[%clk 00:09:32]} {[%emt 00:00:06]} 14. Qb3 {[%clk 00:14:55]} {[%emt
00:00:22]} Re8 {[%clk 00:04:57]} {[%emt 00:04:46]} 15. Rfd1 {[%clk 00:14:51]}
{[%emt 00:00:13]} h5 {[%clk 00:04:56]} {[%emt 00:00:12]} 16. Rac1 {[%clk
00:14:45]} {[%emt 00:00:16]} f6 {[%clk 00:04:52]} {[%emt 00:00:14]} 17. Bh2
{[%clk 00:14:23]} {[%emt 00:00:30]} g5 {[%clk 00:04:55]} {[%emt 00:00:08]} 18.
Nc5 {[%clk 00:13:52]} {[%emt 00:00:41]} Nxc5 {[%clk 00:04:40]} {[%emt
00:00:25]} 19. Rxc5 {[%clk 00:11:44]} {[%emt 00:02:18]} e6 {[%clk 00:04:42]}
{[%emt 00:00:08]} 20. Rdc1 {[%clk 00:10:05]} {[%emt 00:01:49]} Bf8 {[%clk
00:04:51]} {[%emt 00:00:02]} 21. R5c3 {[%clk 00:10:03]} {[%emt 00:00:11]} Qb6
{[%clk 00:05:01]} {[%emt 00:00:01]} 22. Ne1 {[%clk 00:09:32]} {[%emt 00:00:41]}
Bg6 {[%clk 00:03:41]} {[%emt 00:01:30]} 23. Nd3 {[%clk 00:09:29]} {[%emt
00:00:11]} Na5 {[%clk 00:00:50]} {[%emt 00:03:03]} 24. bxa5 {[%clk 00:09:06]}
{[%emt 00:00:33]} Rxc3 {[%clk 00:00:18]} {[%emt 00:00:42]} 25. Qxc3 {[%clk
00:09:07]} {[%emt 00:00:09]} Qd8 {[%clk 00:00:20]} {[%emt 00:00:09]} 26. a4
{[%clk 00:08:35]} {[%emt 00:00:41]} Qd7 {[%clk 00:00:21]} {[%emt 00:00:09]} 27.
Nc5 {[%clk 00:08:22]} {[%emt 00:00:22]} 1-0

[Event "Kadettlandskamp NOR-SWE A 2018"]
[Site "NTG, Bærum, Norway"]
[Date "2018.12.16"]
[Round "9.2"]
[White "Törngren, Gustav"]
[Black "Lund, Gunnar"]
[Result "1-0"]
[WhiteFideId "1728970"]
[BlackFideId "1520814"]
[WhiteElo "1909"]
[BlackElo "2006"]

1. c4 {[%clk 00:15:17]} {[%emt 00:00:03]} e5 {[%clk 00:15:09]} {[%emt
00:00:12]} 2. g3 {[%clk 00:15:24]} {[%emt 00:00:03]} Nc6 {[%clk 00:15:15]}
{[%emt 00:00:04]} 3. Bg2 {[%clk 00:15:31]} {[%emt 00:00:03]} Bc5 {[%clk
00:15:22]} {[%emt 00:00:02]} 4. Nc3 {[%clk 00:15:33]} {[%emt 00:00:08]} a6
{[%clk 00:15:26]} {[%emt 00:00:07]} 5. e3 {[%clk 00:15:16]} {[%emt 00:00:27]}
d6 {[%clk 00:15:33]} {[%emt 00:00:02]} 6. Nge2 {[%clk 00:15:23]} {[%emt
00:00:04]} h5 {[%clk 00:15:42]} 7. d4 {[%clk 00:14:59]} {[%emt 00:00:34]} exd4
{[%clk 00:15:11]} {[%emt 00:00:41]} 8. exd4 {[%clk 00:15:04]} {[%emt 00:00:05]}
Ba7 {[%clk 00:15:16]} {[%emt 00:00:04]} 9. h4 {[%clk 00:14:27]} {[%emt
00:00:47]} Nf6 {[%clk 00:14:59]} {[%emt 00:00:27]} 10. O-O {[%clk 00:14:23]}
{[%emt 00:00:14]} Bg4 {[%clk 00:14:53]} {[%emt 00:00:16]} 11. Be3 {[%clk
00:12:10]} {[%emt 00:02:23]} Qd7 {[%clk 00:14:52]} {[%emt 00:00:11]} 12. Qb3
{[%clk 00:12:06]} {[%emt 00:00:14]} Rb8 {[%clk 00:12:26]} {[%emt 00:02:37]} 13.
Rfe1 {[%clk 00:09:20]} {[%emt 00:02:56]} O-O {[%clk 00:12:28]} {[%emt
00:00:06]} 14. Rad1 {[%clk 00:09:03]} {[%emt 00:00:29]} Bh3 {[%clk 00:12:21]}
{[%emt 00:00:16]} 15. Nf4 {[%clk 00:08:34]} {[%emt 00:00:39]} Bxg2 {[%clk
00:12:15]} {[%emt 00:00:16]} 16. Kxg2 {[%clk 00:07:45]} {[%emt 00:00:59]} Rfe8
{[%clk 00:11:06]} {[%emt 00:01:19]} 17. Ncd5 {[%clk 00:06:24]} {[%emt
00:01:32]} Ng4 {[%clk 00:07:25]} {[%emt 00:03:51]} 18. Nxh5 {[%clk 00:05:37]}
{[%emt 00:00:58]} Qf5 {[%clk 00:06:28]} {[%emt 00:01:06]} 19. Nhf4 {[%clk
00:05:45]} {[%emt 00:00:02]} Nxd4 {[%clk 00:04:41]} {[%emt 00:01:57]} 20. Bxd4
{[%clk 00:05:14]} {[%emt 00:00:41]} Bxd4 {[%clk 00:04:35]} {[%emt 00:00:15]} 21.
Rxe8+ {[%clk 00:05:21]} {[%emt 00:00:04]} Rxe8 {[%clk 00:04:45]} 22. Rxd4
{[%clk 00:05:29]} {[%emt 00:00:03]} c6 {[%clk 00:04:39]} {[%emt 00:00:16]} 23.
Ne3 {[%clk 00:04:30]} {[%emt 00:01:09]} Nxe3+ {[%clk 00:04:41]} {[%emt
00:00:08]} 24. fxe3 {[%clk 00:04:38]} {[%emt 00:00:02]} Qb1 {[%clk 00:03:06]}
{[%emt 00:01:45]} 25. Kf2 {[%clk 00:03:04]} {[%emt 00:01:44]} b5 {[%clk
00:02:14]} {[%emt 00:01:01]} 26. cxb5 {[%clk 00:03:09]} {[%emt 00:00:05]} axb5
{[%clk 00:02:23]} {[%emt 00:00:01]} 27. Rxd6 {[%clk 00:03:11]} {[%emt
00:00:08]} c5 {[%clk 00:02:32]} 28. Qxb5 {[%clk 00:03:04]} {[%emt 00:00:17]}
Qc2+ {[%clk 00:02:39]} {[%emt 00:00:04]} 29. Qe2 {[%clk 00:03:13]} {[%emt
00:00:01]} Qe4 {[%clk 00:02:47]} {[%emt 00:00:02]} 30. Qd3 {[%clk 00:03:07]}
{[%emt 00:00:15]} Qa8 {[%clk 00:02:53]} {[%emt 00:00:04]} 31. a3 {[%clk
00:02:51]} {[%emt 00:00:27]} Qb8 {[%clk 00:03:02]} 32. Qd2 {[%clk 00:02:37]}
{[%emt 00:00:23]} c4 {[%clk 00:03:05]} {[%emt 00:00:07]} 33. Rd4 {[%clk
00:02:41]} {[%emt 00:00:06]} Rc8 {[%clk 00:02:55]} {[%emt 00:00:20]} 34. Qc3
{[%clk 00:02:44]} {[%emt 00:00:07]} Qc7 {[%clk 00:02:20]} {[%emt 00:00:45]} 35.
Nd5 {[%clk 00:02:17]} {[%emt 00:00:37]} Qb7 {[%clk 00:01:53]} {[%emt 00:00:37]}
36. Rg4 {[%clk 00:02:10]} {[%emt 00:00:16]} f5 {[%clk 00:01:19]} {[%emt
00:00:45]} 37. Rxc4 {[%clk 00:01:03]} {[%emt 00:01:17]} Rxc4 {[%clk 00:01:23]}
{[%emt 00:00:06]} 38. Qxc4 {[%clk 00:01:12]} {[%emt 00:00:01]} Qxb2+ {[%clk
00:01:32]} 39. Kf3 {[%clk 00:01:22]} Kh7 {[%clk 00:01:13]} {[%emt 00:00:29]} 40.
Qb4 {[%clk 00:00:48]} {[%emt 00:00:44]} Qc2 {[%clk 00:01:19]} {[%emt 00:00:04]}
41. Nf4 {[%clk 00:00:43]} {[%emt 00:00:16]} Qd1+ {[%clk 00:01:28]} {[%emt
00:00:01]} 42. Kf2 {[%clk 00:00:51]} {[%emt 00:00:02]} Qc2+ {[%clk 00:01:24]}
{[%emt 00:00:14]} 43. Ne2 {[%clk 00:00:58]} {[%emt 00:00:03]} Qc6 {[%clk
00:01:32]} {[%emt 00:00:02]} 44. Qf4 {[%clk 00:00:55]} {[%emt 00:00:12]} g6
{[%clk 00:01:39]} {[%emt 00:00:03]} 45. h5 {[%clk 00:00:51]} {[%emt 00:00:14]}
Qh1 {[%clk 00:01:39]} {[%emt 00:00:10]} 46. hxg6+ Kxg6 {[%clk 00:01:49]} 47.
Qf3 {[%clk 00:00:54]} {[%emt 00:00:02]} Qa1 {[%clk 00:01:49]} {[%emt 00:00:09]}
48. Qc6+ {[%clk 00:00:59]} {[%emt 00:00:06]} Kg5 {[%clk 00:01:50]} {[%emt
00:00:09]} 49. a4 {[%clk 00:00:59]} {[%emt 00:00:10]} Qa2 {[%clk 00:01:54]}
{[%emt 00:00:06]} 50. Qe8 {[%clk 00:00:50]} {[%emt 00:00:18]} Kf6 {[%clk
00:01:39]} {[%emt 00:00:26]} 51. Qd8+ {[%clk 00:01:01]} {[%emt 00:00:08]} Kg6
{[%clk 00:01:56]} {[%emt 00:00:04]} 52. a5 {[%clk 00:01:04]} {[%emt 00:00:06]}
Kh5 {[%clk 00:01:57]} {[%emt 00:00:09]} 53. Qh8+ {[%clk 00:01:06]} {[%emt
00:00:09]} Kg4 {[%clk 00:02:05]} {[%emt 00:00:02]} 54. Qh4# {[%clk 00:01:12]}
{[%emt 00:00:04]} 1-0